| 000 | 00877cam a22002777a 4500 | ||
|---|---|---|---|
| 001 | 4058 | ||
| 005 | 20251119163033.0 | ||
| 020 | _a9780312508371 (hbk.) | ||
| 040 |
_aBTCTA _cBTCTA _dHCO _dDLC _beng |
||
| 050 | 0 | 0 | _b2010 |
| 082 | _a363.6 | ||
| 100 | _aPriddy, Roger | ||
| 245 | 0 | 0 |
_aHome : _ba lift-the-flap shadow book / _cby Roger Priddy |
| 260 |
_aNew York : _bPriddy Books, _c2010 |
||
| 300 |
_a14 unnumbered pages : _bcolor illustrations ; _c14 cm . |
||
| 505 | _aB | ||
| 520 | _aWhat things from around the home will you find under the flaps? | ||
| 521 |
_a40
_bLexile estimate |
||
| 521 |
_aB
_bRaz-Plus |
||
| 650 | 0 |
_aHouse furnishings _vJuvenile literature. |
|
| 650 | 0 |
_aDwellings _vJuvenile literature. |
|
| 655 | 0 | _aBoard books. | |
| 655 | 0 | _aLift-the-flap books. | |
| 906 |
_a7 _bcbc _ccopycat _d3 _encip _f20 _gy-gencatlg |
||
| 942 |
_2ddc _cBK _n0 |
||
| 999 |
_c4058 _d4058 |
||